00918nam a22002297a 4500003000400000005001700004008004100021020001500062040000900077100003400086245014900120260006000269300001100329490003100340600005200371650004900423650005500472700003900527942001300566999001500579952009400594OSt20151019134801.0130620s1998 sp ||||| |||| 00| 0 cat d a8478269665 cCDMR1 9139aRovira i Virgili, Antoni13aLa guerra que han provocatb: selecció d'articles sobre la guerra civil espanyolacAntoni Rovira i Virgiuli ; a cura de Josep M. Roig i Rosich aBarcelonabPublicacions de l'Abadia de Montserratc1988 a336 p.0 aBiblioteca Abat Olibav1951 9139aRovira i Virgili, AntonivRecull d'escrits0493727aPeriodistes catalansvRecull d'escrits0493196aEspanyaxHistòriay1936-1939, Guerra Civil1 93843aRoig i Rosich, Josep M.eed. 2udccMON c6502d6502 00104070aCDMRbCDMRd2013-01-16l0oDu 5/35pCDMR13066751r2013-06-20w2013-06-20yMON